| 000 | 00579nam a22001817a 4500 | ||
|---|---|---|---|
| 005 | 20160921113742.0 | ||
| 010 | _aENG-116024 | ||
| 020 |
_a9789351439578 _c175.00 |
||
| 035 | _aEN-99556 | ||
| 037 | _bDBAD/PUB | ||
| 082 | _a343.54068 | ||
| 100 | _aMittal,J.K. | ||
| 245 |
_aHandbook of equalisation levy / _cby Dinshaw Fardunji Mulla |
||
| 260 |
_aGurgaon _bLexisNexis _c2016 |
||
| 270 |
_a14th Floor, Building No.10, Tower-B, DLF Cyber City, Phase-II _bGurgaon (Haryana) _e122002 |
||
| 300 |
_avii,136p. _c24cm(pbk) |
||
| 942 |
_2ddc _cEN _mMIT _h343.54068 |
||
| 999 |
_c103487 _d103487 |
||